[Event "Vilafranca del Penedes op 13th"]
[Site "Vilafranca del Penedes"]
[Date "2019.05.31"]
[Round "8"]
[White "Colet Fernandez, Josep A"]
[Black "Villadent Isern, Joaquim"]
[Result "1-0"]
[WhiteElo "2012"]
[BlackElo "1664"]
[PlyCount "53"]
[EventDate "2019.03.29"]
[EventType "swiss"]
[EventRounds "9"]
[EventCountry "ESP"]
[SourceTitle "CBM 190 Extra"]
[Source "ChessBase"]
[SourceDate "2019.07.15"]
[SourceVersion "1"]
[SourceVersionDate "2019.07.15"]
[SourceQuality "1"]

1. e4 e6 2. d4 a6 3. Bd3 b5 4. Nf3 Bb7 5. 0-0 c5 6. c3 Nc6 7. Nbd2 Qc7 8. Qe2 Nf6 9. e5 Nd5 10. Ne4 c4 11. Bc2 Be7 12. Bg5 h6 13. Bxe7 Kxe7 14. Nd6 Raf8 15. a4 Na7 16. axb5 Nxb5 17. Nxb7 Qxb7 18. Qxc4 Nf4 19. Qb4+ Kd8 20. c4 g5 21. cxb5 h5 22. Qa5+ Ke7 23. bxa6 Qa8 24. Qc5+ Ke8 25. a7 f5 26. exf6 h4 27. Qe7# 1-0

[Event "Vilafranca del Penedes op 11th"]
[Site "Vilafranca del Penedes"]
[Date "2017.05.19"]
[Round "7"]
[White "Colet Fernandez, Josep A"]
[Black "Batista Perez, Carlos"]
[Result "1-0"]
[WhiteElo "2172"]
[BlackElo "2003"]
[PlyCount "111"]
[EventDate "2017.03.31"]
[EventType "swiss"]
[EventRounds "8"]
[EventCountry "ESP"]
[SourceTitle "EXT 2018"]
[Source "ChessBase"]
[SourceDate "2017.10.13"]
[SourceVersion "1"]
[SourceVersionDate "2017.10.13"]
[SourceQuality "1"]

1. e4 e6 2. d4 d5 3. e5 c5 4. Qg4 Nc6 5. Nf3 cxd4 6. Bd3 Qc7 7. Qg3 f6 8. Bxh7 Nge7 9. Bd3 Nxe5 10. Nxd4 Nxd3+ 11. Qxd3 Bd7 12. Nc3 a6 13. Nf3 0-0-0 14. Bd2 e5 15. Nxd5 Nxd5 16. Qxd5 Bf5 17. Qa5 Qc4 18. Qc3 Qxc3 19. Bxc3 Bg4 20. Nd2 Bc5 21. Nb3 Ba7 22. 0-0 Kb8 23. Rac1 Rhe8 24. h3 Bf5 25. Nd2 e4 26. Nc4 Bg6 27. Rfe1 Re7 28. Re2 f5 29. Be5+ Ka8 30. Bf4 Rde8 31. Rd2 b5 32. Nd6 Rg8 33. c4 e3 34. fxe3 Rxe3 35. c5 Re6 36. b4 Bh7 37. h4 Rf8 38. Kh2 Bb8 39. c6 Bc7 40. g3 Bxd6 41. Bxd6 Rc8 42. Rc3 Bg8 43. Kg2 Re4 44. Kf3 Bc4 45. c7 Kb7 46. Bf4 Ree8 47. Re3 Rxe3+ 48. Kxe3 Kb6 49. a3 Kb7 50. Rd7 g6 51. Kd4 Be2 52. Ke5 Kc6 53. Ke6 Re8+ 54. Re7 Bc4+ 55. Kf6 Rg8 56. Rg7 1-0

[Event "Vilafranca del Penedes op 11th"]
[Site "Vilafranca del Penedes"]
[Date "2017.05.12"]
[Round "6"]
[White "Vinas Racionero, Josep Claudi"]
[Black "Colet Fernandez, Josep A"]
[Result "1-0"]
[WhiteElo "2129"]
[BlackElo "2172"]
[PlyCount "77"]
[EventDate "2017.03.31"]
[EventType "swiss"]
[EventRounds "8"]
[EventCountry "ESP"]
[SourceTitle "EXT 2018"]
[Source "ChessBase"]
[SourceDate "2017.10.13"]
[SourceVersion "1"]
[SourceVersionDate "2017.10.13"]
[SourceQuality "1"]

1. d4 d5 2. c4 e6 3. Nc3 c5 4. Nf3 cxd4 5. Nxd4 e5 6. Nf3 d4 7. Nxe5 dxc3 8. Qxd8+ Kxd8 9. Nxf7+ Ke8 10. Nxh8 cxb2 11. Bxb2 Bb4+ 12. Kd1 Kf8 13. Kc2 Bf5+ 14. Kb3 Nc6 15. f3 Nge7 16. h4 Bd2 17. e4 Be6 18. Rd1 Bf4 19. g3 Bc7 20. f4 b5 21. f5 Bxc4+ 22. Bxc4 Na5+ 23. Kc2 Nxc4 24. Rd7 Be5 25. Rhd1 Ne3+ 26. Kb3 Nxd1 27. Bxe5 Nf2 28. Bd6 Re8 29. e5 Ne4 30. Rxa7 Nxd6 31. exd6 Nc6 32. Rc7 Ne5 33. Kb4 Kg8 34. Kxb5 Kf8 35. Kc5 Nd3+ 36. Kc6 Nb4+ 37. Kb7 Nd5 38. Rc8 Nf6 39. a4 1-0

[Event "Martorell op 34th"]
[Site "Martorell"]
[Date "2016.10.22"]
[Round "6"]
[White "Jove Grau, Lluis"]
[Black "Colet Fernandez, Josep A"]
[Result "1/2-1/2"]
[WhiteElo "2063"]
[BlackElo "2060"]
[PlyCount "50"]
[EventDate "2016.09.17"]
[EventType "swiss"]
[EventRounds "9"]
[EventCountry "ESP"]
[SourceTitle "EXT 2018"]
[Source "ChessBase"]
[SourceDate "2017.10.13"]
[SourceVersion "1"]
[SourceVersionDate "2017.10.13"]
[SourceQuality "1"]

1. d4 d5 2. c4 e6 3. Nc3 c5 4. e3 Nf6 5. Nf3 Nc6 6. a3 a5 7. cxd5 exd5 8. Bb5 Be6 9. dxc5 Bxc5 10. Nd4 0-0 11. Nxc6 bxc6 12. Bxc6 Rc8 13. Bb5 d4 14. exd4 Bxd4 15. 0-0 Qb6 16. a4 Rfd8 17. Qf3 Nd5 18. Ne4 Nb4 19. Bg5 f6 20. Be3 Nc2 21. Bxd4 Nxd4 22. Qe3 Qb8 23. Rad1 Nxb5 24. axb5 Bc4 25. Rfe1 Bxb5 1/2-1/2

[Event "Martorell op 34th"]
[Site "Martorell"]
[Date "2016.10.15"]
[Round "5"]
[White "Castro Lopez, Sergio"]
[Black "Colet Fernandez, Josep A"]
[Result "0-1"]
[WhiteElo "1737"]
[BlackElo "2060"]
[PlyCount "64"]
[EventDate "2016.09.17"]
[EventType "swiss"]
[EventRounds "9"]
[EventCountry "ESP"]
[SourceTitle "EXT 2018"]
[Source "ChessBase"]
[SourceDate "2017.10.13"]
[SourceVersion "1"]
[SourceVersionDate "2017.10.13"]
[SourceQuality "1"]

1. e4 c5 2. Nf3 d6 3. d4 cxd4 4. Nxd4 Nf6 5. Nc3 a6 6. Be2 e5 7. Nb3 Be6 8. Be3 Be7 9. 0-0 Nbd7 10. f4 Qc7 11. f5 Bc4 12. Bxc4 Qxc4 13. Qd3 Rc8 14. Rac1 b5 15. Qxc4 bxc4 16. Nd2 Ng4 17. Rce1 Nxe3 18. Rxe3 d5 19. Ree1 d4 20. Nd5 Nf6 21. Nb6 c3 22. Nxc8 cxd2 23. Re2 Bc5 24. Kh1 0-0 25. b4 Bxb4 26. Nb6 Rd8 27. Nc4 d3 28. cxd3 Rxd3 29. Rd1 h6 30. Rexd2 Bxd2 31. Rxd2 Rc3 32. Nb2 Nxe4 0-1

[Event "Martorell op 34th"]
[Site "Martorell"]
[Date "2016.10.08"]
[Round "4"]
[White "Colet Fernandez, Josep A"]
[Black "Ruiz Font, Elisabet"]
[Result "0-1"]
[WhiteElo "2060"]
[BlackElo "2034"]
[PlyCount "94"]
[EventDate "2016.09.17"]
[EventType "swiss"]
[EventRounds "9"]
[EventCountry "ESP"]
[SourceTitle "EXT 2018"]
[Source "ChessBase"]
[SourceDate "2017.10.13"]
[SourceVersion "1"]
[SourceVersionDate "2017.10.13"]
[SourceQuality "1"]

1. d4 d5 2. Nc3 e6 3. e4 b6 4. Nf3 dxe4 5. Nxe4 Bb7 6. Bd3 Be7 7. Bf4 Nf6 8. Qe2 Nd5 9. Bd2 Nb4 10. Bxb4 Bxb4+ 11. c3 Be7 12. 0-0 0-0 13. Ne5 Nd7 14. f4 c5 15. Nxd7 Qxd7 16. dxc5 Rad8 17. Rad1 Qc6 18. Bc2 Bxc5+ 19. Nxc5 Qxc5+ 20. Rf2 Rd5 21. Rxd5 Bxd5 22. f5 exf5 23. Bxf5 g6 24. Bb1 Bc4 25. Bd3 Bxa2 26. b4 Qxc3 27. Bxg6 hxg6 28. Qxa2 Qxb4 29. Qxa7 b5 30. h3 Qc4 31. Qe3 Rd8 32. Rf4 Qd5 33. Rh4 Qd1+ 34. Kh2 Qd6+ 35. Kh1 Qc7 36. Qe2 Qc1+ 37. Kh2 Qc7+ 38. Kh1 Qc1+ 39. Kh2 Qc7+ 40. Kh1 Qc3 41. Re4 b4 42. Re7 b3 43. Qf1 Rf8 44. Rb7 b2 45. Qb5 Qc1+ 46. Kh2 Qf4+ 47. Kh1 Rc8 0-1

[Event "Vilafranca del Penedes op 10th"]
[Site "Vilafranca del Penedes"]
[Date "2016.05.06"]
[Round "6.4"]
[White "Rodriguez Becerro, Miquel"]
[Black "Colet Fernandez, Josep A"]
[Result "1-0"]
[WhiteElo "2152"]
[BlackElo "2172"]
[PlyCount "64"]
[EventDate "2016.04.01"]
[EventType "swiss"]
[EventRounds "8"]
[EventCountry "ESP"]
[SourceTitle "EXT 2024"]
[Source "ChessBase"]
[SourceDate "2023.10.10"]
[SourceVersion "1"]
[SourceVersionDate "2023.10.10"]
[SourceQuality "1"]

1. Nf3 d5 2. g3 Nf6 3. Bg2 g6 4. d3 Bg7 5. 0-0 0-0 6. Nbd2 c5 7. e4 Nc6 8. h3 e6 9. Re1 a5 10. Qe2 a4 11. a3 b5 12. Nf1 Qb6 13. e5 Nd7 14. Bf4 b4 15. N1h2 b3 16. c3 Ba6 17. Qd2 Rfe8 18. Rad1 Bb7 19. Ng4 Ne7 20. Bh6 Nf5 21. Bg5 d4 22. c4 Ra7 23. Nf6+ Bxf6 24. Bxf6 Bxf3 25. Bxf3 Nxf6 26. exf6 Qd8 27. Bc6 Rf8 28. g4 Nd6 29. Qf4 h6 30. Re5 Ra5 31. Rh5 Nf5 32. gxf5 Qxf6 1-0

[Event "Vilafranca del Penedes op 10th"]
[Site "Vilafranca del Penedes"]
[Date "2016.04.29"]
[Round "5.5"]
[White "Colet Fernandez, Josep A"]
[Black "Lluverol Torrents, Salvador"]
[Result "1-0"]
[WhiteElo "2172"]
[BlackElo "2117"]
[PlyCount "41"]
[EventDate "2016.04.01"]
[EventType "swiss"]
[EventRounds "8"]
[EventCountry "ESP"]
[SourceTitle "EXT 2024"]
[Source "ChessBase"]
[SourceDate "2023.10.10"]
[SourceVersion "1"]
[SourceVersionDate "2023.10.10"]
[SourceQuality "1"]

1. e4 c5 2. b4 cxb4 3. Bb2 d5 4. exd5 Qxd5 5. d4 Nf6 6. c4 bxc3 7. Nxc3 Qa5 8. Bc4 e6 9. Nf3 Nc6 10. 0-0 Be7 11. Re1 0-0 12. Qe2 Bd7 13. Ne5 Rad8 14. Qf3 a6 15. d5 Nxe5 16. Rxe5 Qc7 17. Rg5 Qxc4 18. d6 Bc6 19. dxe7 Rd1+ 20. Qxd1 Re8 21. Qd8 1-0

[Event "Vilafranca del Penedes op 7th"]
[Site "Vilafranca del Penedes"]
[Date "2013.05.17"]
[Round "7"]
[White "Canales Garcia, Vicenc"]
[Black "Colet Fernandez, Josep A"]
[Result "0-1"]
[WhiteElo "2030"]
[BlackElo "2006"]
[PlyCount "92"]
[EventDate "2013.04.05"]
[EventType "swiss"]
[EventRounds "8"]
[EventCountry "ESP"]
[SourceTitle "EXT 2014"]
[Source "ChessBase"]
[SourceDate "2013.11.20"]
[SourceVersion "1"]
[SourceVersionDate "2013.11.20"]
[SourceQuality "1"]

1. d4 d5 2. e3 Nf6 3. Bd3 g6 4. c4 Bg7 5. Nc3 c6 6. f4 Nbd7 7. Nf3 0-0 8. 0-0 dxc4 9. Bxc4 c5 10. Ne5 cxd4 11. exd4 Nb6 12. Bb3 Nbd5 13. Qf3 e6 14. g4 Nxc3 15. bxc3 Qa5 16. Bd2 Qc7 17. h4 Bd7 18. c4 a5 19. h5 Ne8 20. g5 Nd6 21. hxg6 hxg6 22. c5 Nf5 23. Bc3 Bxe5 24. fxe5 Kg7 25. Bc2 Bc6 26. Be4 Rh8 27. Rf2 Bxe4 28. Qxe4 Rh4 29. Qf3 Rah8 30. Rb1 Qe7 31. Bd2 Rxd4 32. Rxb7 Rg4+ 33. Kf1 Rh1+ 34. Qxh1 Qxc5 35. Rxf5 Qc4+ 36. Ke1 Re4+ 37. Kd1 Qe2+ 38. Kc2 Rc4+ 39. Kb1 Qd3+ 40. Ka1 Qd4+ 41. Kb1 Qd3+ 42. Ka1 Qd4+ 43. Rb2 gxf5 44. Qe1 Rc2 45. Qb1 Rxd2 46. a3 Rd1 0-1

[Event "Vilafranca del Penedes op 6th"]
[Site "Vilafranca del Penedes"]
[Date "2012.06.01"]
[Round "8"]
[White "Masferrer Niubo, Enric"]
[Black "Colet Fernandez, Josep A"]
[Result "1-0"]
[WhiteElo "2007"]
[BlackElo "2041"]
[PlyCount "63"]
[EventDate "2012.04.13"]
[EventType "swiss"]
[EventRounds "8"]
[EventCountry "ESP"]
[SourceTitle "CBM 148 Extra"]
[Source "ChessBase"]
[SourceDate "2012.06.22"]
[SourceVersion "1"]
[SourceVersionDate "2012.06.22"]
[SourceQuality "1"]

1. e4 c5 2. Nc3 d6 3. g3 Nc6 4. Bg2 g6 5. d3 Bg7 6. Be3 e6 7. Qd2 Rb8 8. Nge2 b5 9. a3 b4 10. axb4 Rxb4 11. Nd1 Nge7 12. Bh6 0-0 13. h4 d5 14. h5 dxe4 15. Bxg7 Kxg7 16. hxg6 hxg6 17. Qh6+ Kf6 18. Bxe4 Nf5 19. Qd2 Qd6 20. c3 Rb6 21. g4 Ng7 22. Ng3 Bb7 23. Bxg6 Ne5 24. Ne4+ Bxe4 25. Bxe4 Ng6 26. Rxa7 e5 27. Ne3 Qb8 28. Nd5+ Ke6 29. Ra8 Rxb2 30. Rxb8 Rfxb8 31. Qg5 Ne8 32. Rh6 1-0

[Event "Vilafranca del Penedes op 5th"]
[Site "Vilafranca del Penedes"]
[Date "2011.04.29"]
[Round "3.2"]
[White "Colet Fernandez, Josep A"]
[Black "Avila Jimenez, Xavier"]
[Result "1-0"]
[WhiteElo "2023"]
[BlackElo "2227"]
[PlyCount "63"]
[EventDate "2011.04.08"]
[EventType "swiss"]
[EventRounds "8"]
[EventCountry "ESP"]
[SourceTitle "EXT 2024"]
[Source "ChessBase"]
[SourceDate "2023.10.10"]
[SourceVersion "1"]
[SourceVersionDate "2023.10.10"]
[SourceQuality "1"]

1. d4 Nf6 2. Nc3 d5 3. Bg5 c6 4. f3 Qb6 5. Qd2 Qxb2 6. Rb1 Qa3 7. e4 e6 8. Rb3 Qa5 9. Bxf6 gxf6 10. exd5 cxd5 11. Bb5+ Bd7 12. Nge2 Bxb5 13. Rxb5 Qc7 14. 0-0 Bd6 15. Qh6 Nd7 16. Rb3 a6 17. Re1 Qc6 18. a4 Bc7 19. Nf4 0-0-0 20. Reb1 b6 21. Nd3 Qc4 22. Ne2 Qxc2 23. R1b2 Qc6 24. Rc3 Qxa4 25. Rbc2 Nc5 26. Nxc5 bxc5 27. Rxc5 Rd7 28. Qf4 e5 29. Qxf6 Re8 30. Qb6 Ree7 31. Rb2 Qa1+ 32. Kf2 1-0

[Event "Vilafranca del Penedes op 4th"]
[Site "Vilafranca del Penedes"]
[Date "2010.05.07"]
[Round "4.9"]
[White "Colet Fernandez, Josep A"]
[Black "Romeu de la Cruz, Josep"]
[Result "1-0"]
[WhiteElo "2060"]
[BlackElo "1895"]
[PlyCount "91"]
[EventDate "2010.04.16"]
[EventType "swiss"]
[EventRounds "8"]
[EventCountry "ESP"]
[SourceTitle "EXT 2024"]
[Source "ChessBase"]
[SourceDate "2023.10.10"]
[SourceVersion "1"]
[SourceVersionDate "2023.10.10"]
[SourceQuality "1"]

1. e4 Nf6 2. e5 Nd5 3. c4 Nb6 4. c5 Nd5 5. Bc4 e6 6. Nc3 Nxc3 7. dxc3 Bxc5 8. Qg4 g6 9. Nf3 f5 10. Qg3 Nc6 11. h4 d5 12. Bg5 Be7 13. 0-0-0 Bd7 14. Bb3 Na5 15. Bxd5 Bxg5+ 16. Nxg5 exd5 17. e6 Bc6 18. Nf7 Qe7 19. Nxh8 0-0-0 20. Nf7 Rg8 21. Rhe1 Nc4 22. Qf4 h5 23. f3 Qc5 24. Rd4 Qb5 25. b3 Nb6 26. g4 Qc5 27. Kb2 Qe7 28. gxh5 gxh5 29. Ng5 Rf8 30. Re5 Be8 31. Rxf5 Rg8 32. Qe5 c5 33. Rdf4 c4 34. b4 a5 35. a3 axb4 36. axb4 Na4+ 37. Kc1 Nc5 38. bxc5 Qxc5 39. Qe2 Ba4 40. e7 Qg1+ 41. Kd2 Re8 42. Rf8 Qb1 43. Qe6+ Kc7 44. Qe5+ Kc8 45. Rxe8+ Bxe8 46. Qf5+ 1-0

[Event "Vilafranca del Penedes op 4th"]
[Site "Vilafranca del Penedes"]
[Date "2010.04.23"]
[Round "2.10"]
[White "Colet Fernandez, Josep A"]
[Black "Marcer Hernandez, Jordi"]
[Result "1-0"]
[WhiteElo "2060"]
[BlackElo "1811"]
[PlyCount "87"]
[EventDate "2010.04.16"]
[EventType "swiss"]
[EventRounds "8"]
[EventCountry "ESP"]
[SourceTitle "EXT 2024"]
[Source "ChessBase"]
[SourceDate "2023.10.10"]
[SourceVersion "1"]
[SourceVersionDate "2023.10.10"]
[SourceQuality "1"]

1. d4 d6 2. e4 g6 3. Nc3 Bg7 4. Be3 e6 5. Qd2 h6 6. Nge2 Ne7 7. h4 Nbc6 8. f3 e5 9. 0-0-0 b6 10. g4 Bb7 11. d5 Nb8 12. Ng3 Nd7 13. Kb1 Nc5 14. Bb5+ Nd7 15. Be2 a6 16. Rhf1 Nc5 17. f4 Qd7 18. f5 gxf5 19. gxf5 Ng8 20. Nh5 Bf8 21. Rg1 0-0-0 22. Rxg8 Rxg8 23. Nf6 Qe7 24. Nxg8 Qxh4 25. Bxc5 bxc5 26. Rg1 Kb8 27. Qe3 Rc8 28. Qg3 Qd8 29. Qh3 c6 30. Nxh6 Bxh6 31. Qxh6 cxd5 32. Nxd5 Bxd5 33. exd5 Qb6 34. Bc4 Rd8 35. Qf6 Rd7 36. Rg8+ Kb7 37. Qh8 Qc7 38. Ra8 a5 39. Bb5 Re7 40. Bc6+ Kb6 41. Qh3 a4 42. Rxa4 Qc8 43. Qb3+ Kc7 44. Ra7+ 1-0

[Event "Ortigueira op 4th"]
[Site "Ortigueira"]
[Date "2005.08.19"]
[Round "8"]
[White "Colet Fernandez, Josep A"]
[Black "Vitor, Antonio Pedro Caste"]
[Result "0-1"]
[WhiteElo "2052"]
[BlackElo "2365"]
[PlyCount "116"]
[EventDate "2005.08.12"]
[EventType "swiss"]
[EventRounds "9"]
[EventCountry "ESP"]
[SourceTitle "CBM 107 Extra"]
[Source "ChessBase"]
[SourceDate "2005.09.01"]
[SourceVersion "1"]
[SourceVersionDate "2005.09.01"]
[SourceQuality "1"]

1. e4 Nf6 2. e5 Ng8 3. d4 d5 4. Bd3 c5 5. c3 Nc6 6. Nf3 Bg4 7. 0-0 e6 8. Nbd2 Nge7 9. Re1 Bf5 10. Nf1 Bxd3 11. Qxd3 cxd4 12. Nxd4 Nxd4 13. Qxd4 Nf5 14. Qd3 Be7 15. Ne3 Nxe3 16. Bxe3 Qc7 17. Bd4 a6 18. Qg3 Kf8 19. Re3 Kg8 20. Qf4 h5 21. Rf3 Rf8 22. Qe3 Rh6 23. Rc1 Rc8 24. Qf4 Bf8 25. Rg3 Rh7 26. Rf3 Qe7 27. Qd2 Qh4 28. Be3 Qe4 29. Bd4 h4 30. h3 Be7 31. Re1 Qg6 32. Qd1 Rh5 33. Kh2 Rg5 34. g3 hxg3+ 35. fxg3 Rf5 36. Ref1 Rxf3 37. Qxf3 Bc5 38. Bxc5 Rxc5 39. Rf2 Rc7 40. Qe3 Qh5 41. Rf4 Rc8 42. Rg4 Qh7 43. Rf4 Qc2+ 44. Rf2 Qa4 45. Qf3 Rc7 46. a3 Qd7 47. Qe3 Rc8 48. Rf4 Qc7 49. Qf3 Rd8 50. Qh5 g6 51. Qg5 d4 52. Rh4 dxc3 53. bxc3 Rd5 54. Rd4 Rxe5 55. Qd2 Rf5 56. Rd8+ Kh7 57. Rd4 Rf3 58. Qe1 Rxc3 0-1

[Event "Ortigueira op 4th"]
[Site "Ortigueira"]
[Date "2005.08.16"]
[Round "5"]
[White "Alvarez Gonzalo, Miguel Angel"]
[Black "Colet Fernandez, Josep A"]
[Result "0-1"]
[WhiteElo "2030"]
[BlackElo "2052"]
[PlyCount "80"]
[EventDate "2005.08.12"]
[EventType "swiss"]
[EventRounds "9"]
[EventCountry "ESP"]
[SourceTitle "CBM 107 Extra"]
[Source "ChessBase"]
[SourceDate "2005.09.01"]
[SourceVersion "1"]
[SourceVersionDate "2005.09.01"]
[SourceQuality "1"]

1. c4 e5 2. g3 Nf6 3. Bg2 c6 4. d4 exd4 5. Qxd4 Na6 6. Nf3 d5 7. 0-0 Be6 8. cxd5 Nxd5 9. Ng5 Nac7 10. e4 h6 11. Nxe6 Nxe6 12. Qc4 Nb6 13. Qc3 Bc5 14. Be3 Na4 15. Qb3 Bxe3 16. fxe3 Nac5 17. Qc2 0-0 18. e5 Qg5 19. Qc3 Rad8 20. Na3 Rd3 21. Qc4 Qxe3+ 22. Kh1 Qxe5 23. Rae1 Qd6 24. Qg4 b5 25. Nc2 Ng5 26. Ne3 Rd4 27. Qh5 g6 28. Qxh6 Nce6 29. Rd1 Nh7 30. Rxd4 Nxd4 31. Rf4 Qe5 32. Re4 Qh8 33. Rh4 Re8 34. Bxc6 Nxc6 35. Nd5 Re1+ 36. Kg2 Re6 37. Qd2 Qe5 38. Nf4 Qe4+ 39. Kf2 Re8 40. Nd5 Qe5 0-1

[Event "Ortigueira op 4th"]
[Site "Ortigueira"]
[Date "2005.08.13"]
[Round "2"]
[White "Colet Fernandez, Josep A"]
[Black "Hernandez Carmenates, Holden"]
[Result "0-1"]
[WhiteElo "2052"]
[BlackElo "2458"]
[PlyCount "78"]
[EventDate "2005.08.12"]
[EventType "swiss"]
[EventRounds "9"]
[EventCountry "ESP"]
[SourceTitle "CBM 107 Extra"]
[Source "ChessBase"]
[SourceDate "2005.09.01"]
[SourceVersion "1"]
[SourceVersionDate "2005.09.01"]
[SourceQuality "1"]

1. e4 c5 2. c3 d5 3. exd5 Qxd5 4. d4 Nf6 5. Nf3 Bg4 6. Be2 e6 7. 0-0 Nc6 8. Re1 Be7 9. Na3 0-0 10. Nc2 Rfd8 11. h3 Bh5 12. Ne5 Nxe5 13. Bxh5 cxd4 14. Nxd4 Bc5 15. Be3 Nxh5 16. Qxh5 Nc4 17. Qg4 Nxb2 18. Bg5 Rd7 19. Bf6 Bf8 20. Re5 Qc4 21. Rh5 Qd3 22. Be5 Nc4 23. Nf3 Nxe5 24. Nxe5 Qxc3 25. Rb1 Rd4 26. Qe2 b6 27. Rxh7 g6 28. Rxf7 Rd5 29. Rxf8+ Kxf8 30. Nxg6+ Kf7 31. Re1 Re8 32. Nf4 Rd6 33. Qe4 Qd4 34. Qh7+ Qg7 35. Qh5+ Kf8 36. Re3 Qd4 37. Ng6+ Kg7 38. Rf3 Rd5 39. Ne5 Qa1+ 0-1

[Event "Martorell op-A"]
[Site "Martorell"]
[Date "1997.??.??"]
[Round "9"]
[White "Colet Fernandez, Josep A"]
[Black "Exposito Amaro, Josue"]
[Result "1-0"]
[WhiteElo "2100"]
[BlackElo "2020"]
[PlyCount "45"]
[EventDate "1997.09.??"]
[EventType "swiss"]
[EventRounds "9"]
[EventCountry "ESP"]
[SourceTitle "EXT 2003"]
[Source "ChessBase"]
[SourceDate "2002.11.25"]
[SourceVersion "1"]
[SourceVersionDate "2002.11.25"]
[SourceQuality "1"]

1. e4 e5 2. d4 exd4 3. c3 d5 4. exd5 dxc3 5. Nxc3 Nf6 6. Nf3 Be7 7. Bb5+ Nbd7 8. 0-0 0-0 9. Qd4 a6 10. Bd3 b5 11. Rd1 Nb6 12. a4 b4 13. a5 bxc3 14. axb6 cxb2 15. Bxb2 Ne8 16. bxc7 Qxc7 17. Rac1 Qb7 18. Ba1 f5 19. d6 Bxd6 20. Bc4+ Kh8 21. Bd5 Qa7 22. Bxa8 Qxa8 23. Re1 1-0

[Event "Martorell op-A"]
[Site "Martorell"]
[Date "1997.??.??"]
[Round "1"]
[White "Colet Fernandez, Josep A"]
[Black "Jerez Perez, Alfonso"]
[Result "0-1"]
[WhiteElo "2100"]
[BlackElo "2405"]
[PlyCount "70"]
[EventDate "1997.09.??"]
[EventType "swiss"]
[EventRounds "9"]
[EventCountry "ESP"]
[SourceTitle "EXT 2003"]
[Source "ChessBase"]
[SourceDate "2002.11.25"]
[SourceVersion "1"]
[SourceVersionDate "2002.11.25"]
[SourceQuality "1"]

1. e4 c5 2. d4 cxd4 3. c3 Nf6 4. e5 Nd5 5. cxd4 d6 6. Bc4 Nb6 7. Nf3 Nxc4 8. Qa4+ Nc6 9. Qxc4 Bg4 10. Nbd2 e6 11. 0-0 d5 12. Qb3 a6 13. a3 Be7 14. Qe3 0-0 15. b4 Qb6 16. h3 Bxf3 17. Nxf3 a5 18. bxa5 Nxa5 19. a4 Rfc8 20. Qd3 Rc4 21. Ba3 Bxa3 22. Rxa3 h6 23. Rb1 Qc6 24. Rb5 Rc1+ 25. Kh2 Nc4 26. Rab3 b6 27. R3b4 Qc7 28. Nd2 Rd1 29. Rxc4 dxc4 30. Qxc4 Qxc4 31. Nxc4 Rxa4 32. Nxb6 Raxd4 33. Nc8 R4d2 34. Kg3 Rf1 35. Nd6 Rfxf2 0-1

[Event "Martorell op-A"]
[Site "Martorell"]
[Date "1997.??.??"]
[Round "2"]
[White "Forcada Galvany, Francesco"]
[Black "Colet Fernandez, Josep A"]
[Result "0-1"]
[WhiteElo "2010"]
[BlackElo "2100"]
[PlyCount "69"]
[EventDate "1997.09.??"]
[EventType "swiss"]
[EventRounds "9"]
[EventCountry "ESP"]
[SourceTitle "EXT 2003"]
[Source "ChessBase"]
[SourceDate "2002.11.25"]
[SourceVersion "1"]
[SourceVersionDate "2002.11.25"]
[SourceQuality "1"]

1. e4 c5 2. c3 d6 3. Nf3 Nf6 4. Be2 Nc6 5. d3 g6 6. 0-0 Bg7 7. Bg5 0-0 8. h3 Qc7 9. Nbd2 Rd8 10. Qc2 d5 11. exd5 Nxd5 12. Ne4 b6 13. Rfe1 Nf4 14. Bf1 Ba6 15. Rad1 Rd7 16. Qa4 Bb7 17. Nf6+ Bxf6 18. Bxf4 Qc8 19. Rd2 a6 20. Qb3 b5 21. Ng5 c4 22. dxc4 Rxd2 23. Bxd2 Na5 24. Qb4 Nxc4 25. Bc1 Qc7 26. Ne4 Be5 27. Bxc4 bxc4 28. Nc5 Bd5 29. Rd1 e6 30. Be3 Bd6 31. Qa3 a5 32. Rxd5 exd5 33. b4 cxb3 34. axb3 Re8 35. Bd4 0-1